| 000 | 00578nam a22001577a 4500 | ||
|---|---|---|---|
| 003 | OSt | ||
| 005 | 20150905152920.0 | ||
| 008 | 150905b xxu||||| |||| 00| 0 eng d | ||
| 040 | _cRUA | ||
| 082 | _aAGR ស៊ិន 1989 B001 Or.1 | ||
| 100 |
_945 _aស៊ិន សុវ៊ិទ្ធ |
||
| 245 | _aការបង្កើតផ្ទៃស្លឹកនិងផលិតផលប៉េងប៉ោះអាស្រ័យមកពីផ្ទៃចំណីរុក្ខជាតិ | ||
| 260 |
_aPhnom Penh _bRUA _c1989 |
||
| 300 |
_a140p. _bill. _c29cm. |
||
| 942 |
_2ddc _cAGR |
||
| 999 |
_c43 _d43 |
||